Spell the Marvel Hero #55 - Statistics

General Stats
  • This quiz has been taken 14 times
  • The average score is 5 of 7
Answer Stats
Picture Answer % Correct
Ant-Man
92%
X-23
77%
Yellowjacket
77%
Abigail Brand
69%
Blink
69%
Baymax
62%
Meggan
54%
No matching quizzes found
Score Distribution
Percent of People with Each Score
Percentile by Number Answered
Your Score History
You have not taken this quiz